[Event "37. Copenhagen Open (Politiken Cup)"]
[Site "Elsinore"]
[Date "2015.07.29"]
[Round "6"]
[White "Haugland, Rasmus L"]
[Black "Wadstensvik, Petter Andreas"]
[Result "1-0"]
[WhiteElo "1884"]
[BlackElo "1658"]
[PlyCount "81"]
[EventDate "2015.07.25"]
[EventType "swiss"]
[EventRounds "10"]
[EventCountry "DEN"]
[Source "ChessBase"]
[SourceDate "2015.09.14"]

1. d4 Nf6 2. Nc3 d5 3. Bg5 e6 4. e4 dxe4 5. Nxe4 Be7 6. Bxf6 Bxf6 7. Nf3 b6 8.
c3 Bb7 9. Bd3 Nd7 10. Qc2 h6 11. O-O-O a5 12. Ne5 Bg5+ 13. Kb1 O-O 14. Nxg5
Nxe5 15. Nh7 Nxd3 16. Nxf8 Be4 17. Nxe6 fxe6 18. f3 Bh7 19. Rxd3 c5 20. Qe2 e5
21. Ka1 Bxd3 22. Qxd3 exd4 23. Rd1 Qd5 24. Qb5 Qd6 25. cxd4 Rd8 26. d5 Rf8 27.
Qc6 Qxc6 28. dxc6 Rc8 29. Rd6 Rc7 30. f4 Kf7 31. f5 h5 32. Kb1 c4 33. Kc2 b5
34. Kc3 Ke7 35. Re6+ Kd8 36. Kd4 Rf7 37. Re5 Rf6 38. Kc5 Kc7 39. Re7+ Kd8 40.
Rxg7 Rxf5+ 41. Kb6 1-0

[Event "37. Copenhagen Open (Politiken Cup)"]
[Site "Elsinore"]
[Date "2015.07.29"]
[Round "6"]
[White "Hector, Jonny"]
[Black "Thybo, Jesper Sondergaard"]
[Result "1-0"]
[WhiteElo "2485"]
[BlackElo "2255"]
[PlyCount "153"]
[EventDate "2015.07.25"]
[EventType "swiss"]
[EventRounds "10"]
[EventCountry "DEN"]
[Source "ChessBase"]
[SourceDate "2015.09.14"]

1. d4 Nf6 2. Nc3 d5 3. Bf4 Bf5 4. f3 e6 5. g4 Bg6 6. h4 h6 7. Qd2 c5 8. Nb5 Na6
9. e3 Be7 10. c3 Qb6 11. a4 c4 12. Qh2 Nd7 13. Be2 f6 14. Nh3 Bc2 15. Bxc4 Bxa4
16. Nc7+ Nxc7 17. Bxc7 Qc6 18. Bd3 Nf8 19. Bg3 Bb5 20. Bc2 a6 21. e4 Rd8 22.
Nf4 Bd6 23. exd5 exd5 24. O-O-O Kf7 25. h5 Bxf4+ 26. Bxf4 Ba4 27. b3 Bb5 28.
Kb2 Rc8 29. Qd2 a5 30. Ra1 Ne6 31. Bg6+ Ke7 32. Rhe1 Kd8 33. Qe3 a4 34. Ra3 Bd3
35. bxa4 Bxg6 36. Qxe6 Re8 37. Qxc6 Rxc6 38. Rxe8+ Bxe8 39. Rb3 Kc8 40. Rb5 Bf7
41. a5 Rc4 42. Bd6 Be6 43. Bc5 Bd7 44. Rb6 Ra4 45. Bf8 Rxa5 46. Bxg7 Rb5+ 47.
Rxb5 Bxb5 48. Bxf6 Be2 49. g5 Bxf3 50. gxh6 Be4 51. Kb3 Kd7 52. c4 Kc6 53. Kc3
Bh7 54. Kb4 Bd3 55. cxd5+ Kxd5 56. Be5 Kc6 57. Kc3 Bh7 58. Kc4 Bg8+ 59. Kb4 Bh7
60. Bf4 Kd5 61. Be3 Bd3 62. Ka5 Kc6 63. Bc1 Bh7 64. Kb4 Kd5 65. Bb2 Bd3 66. Kc3
Bh7 67. Kd2 Ke4 68. Ke2 Bg8 69. Kf2 Bh7 70. Kg3 Kd5 71. Kf4 Ke6 72. Kg5 b5 73.
d5+ Kxd5 74. Kf6 b4 75. Kg7 Ke6 76. Kxh7 Kf7 77. Bd4 1-0

[Event "37. Copenhagen Open (Politiken Cup)"]
[Site "Elsinore"]
[Date "2015.07.29"]
[Round "6"]
[White "Heinis, Vincent"]
[Black "Gough, Rod"]
[Result "1-0"]
[WhiteElo "2094"]
[BlackElo "1822"]
[PlyCount "57"]
[EventDate "2015.07.25"]
[EventType "swiss"]
[EventRounds "10"]
[EventCountry "DEN"]
[Source "ChessBase"]
[SourceDate "2015.09.14"]

1. e4 g6 2. d4 Bg7 3. Nc3 d6 4. Be3 Nd7 5. Qd2 c6 6. h4 h5 7. O-O-O b5 8. Nh3
a5 9. f4 Nh6 10. f5 b4 11. Ne2 gxf5 12. e5 d5 13. Nef4 Ng4 14. e6 Ndf6 15. Ng5
O-O 16. exf7+ Rxf7 17. Nxf7 Kxf7 18. Nh3 Qh8 19. Bf4 e6 20. Ng5+ Ke7 21. Bd3
Ne4 22. Bxe4 fxe4 23. Rhf1 Ba6 24. Bd6+ Kd7 25. Rf7+ Kxd6 26. Qf4+ e5 27. Qf5
exd4 28. Nxe4+ dxe4 29. Rd7# 1-0

[Event "37. Copenhagen Open (Politiken Cup)"]
[Site "Elsinore"]
[Date "2015.07.29"]
[Round "6"]
[White "Helin, Mikael"]
[Black "Formanek, Edward W"]
[Result "0-1"]
[WhiteElo "1896"]
[BlackElo "2121"]
[PlyCount "104"]
[EventDate "2015.07.25"]
[EventType "swiss"]
[EventRounds "10"]
[EventCountry "DEN"]
[Source "ChessBase"]
[SourceDate "2015.09.14"]

1. e4 e6 2. Nf3 d5 3. e5 c5 4. b4 c4 5. a3 a5 6. b5 a4 7. d4 Qa5+ 8. c3 Qxb5 9.
Qd2 Nc6 10. Qf4 Na5 11. Nbd2 Qd7 12. Bb2 Ra6 13. Be2 Rb6 14. Bc1 Ne7 15. h4
Nec6 16. Bd1 Nb3 17. Nxb3 axb3 18. Bb2 Ra6 19. Nd2 Na7 20. Bh5 Nb5 21. a4 Na7
22. Ke2 Nc6 23. Rh3 Nd8 24. Rhh1 Be7 25. Ke3 b6 26. Qg3 O-O 27. Be2 Rxa4 28.
Rxa4 Qxa4 29. Ra1 Qd7 30. h5 h6 31. f4 Bb7 32. Qh3 f5 33. g4 Kh8 34. g5 hxg5
35. h6 g6 36. Rg1 Kh7 37. fxg5 Nf7 38. Nf3 Ra8 39. Nh4 Nh8 40. Bh5 Qe8 41. Qg2
Ra2 42. Nxf5 exf5 43. e6 Bxg5+ 44. Qxg5 Qxe6+ 45. Kf3 Rxb2 46. Kg3 Rc2 47. Kh3
Rxc3+ 48. Kh2 b2 49. Qd8 Bc8 50. Qc7+ Bd7 51. Qf4 Qe3 52. Qh4 Rc2+ 0-1

[Event "37. Copenhagen Open (Politiken Cup)"]
[Site "Elsinore"]
[Date "2015.07.29"]
[Round "6"]
[White "Henningsen, Lasse"]
[Black "Salerno, Christian"]
[Result "1-0"]
[WhiteElo "1960"]
[BlackElo "2129"]
[PlyCount "47"]
[EventDate "2015.07.25"]
[EventType "swiss"]
[EventRounds "10"]
[EventCountry "DEN"]
[Source "ChessBase"]
[SourceDate "2015.09.14"]

1. d4 Nf6 2. c4 g6 3. Nc3 d5 4. cxd5 Nxd5 5. e4 Nxc3 6. bxc3 Bg7 7. Bc4 c5 8.
Ne2 Nc6 9. Be3 O-O 10. O-O Qc7 11. Rc1 Rd8 12. f3 Na5 13. Bd3 c4 14. Bc2 f5 15.
Qe1 e6 16. g4 Nc6 17. gxf5 gxf5 18. Kh1 Kh8 19. Qh4 Rf8 20. Rg1 Qf7 21. Rxg7
Qxg7 22. Bh6 Qf6 23. Bg5 Qf7 24. e5 1-0

[Event "37. Copenhagen Open (Politiken Cup)"]
[Site "Elsinore"]
[Date "2015.07.29"]
[Round "6"]
[White "Henrichsen, Jens"]
[Black "Tryggestad, Andreas Garberg"]
[Result "1/2-1/2"]
[WhiteElo "2047"]
[BlackElo "2204"]
[PlyCount "83"]
[EventDate "2015.07.25"]
[EventType "swiss"]
[EventRounds "10"]
[EventCountry "DEN"]
[Source "ChessBase"]
[SourceDate "2015.09.14"]

1. d4 Nf6 2. Nf3 g6 3. c4 Bg7 4. Nc3 d5 5. Qb3 dxc4 6. Qxc4 c6 7. e4 O-O 8. Be2
b5 9. Qd3 b4 10. Na4 Qa5 11. Nc5 Nbd7 12. Nb3 Qc7 13. Bd2 a5 14. Rc1 Ba6 15.
Qc2 Bxe2 16. Kxe2 Rac8 17. e5 Nd5 18. Rhe1 f6 19. e6 Nb8 20. Kf1 Na6 21. Qd3
Qb6 22. Nc5 Nxc5 23. Rxc5 Rfd8 24. Qc4 Rd6 25. Rc1 g5 26. Kg1 Bh6 27. h4 g4 28.
Bxh6 gxf3 29. Qd3 Kh8 30. Qxf3 Qd8 31. Qg4 Qg8 32. Qxg8+ Kxg8 33. Rxa5 Nc7 34.
Bf4 Rxd4 35. Rxc6 Rxf4 36. Rac5 Re4 37. g3 Ra8 38. Rxc7 Rxe6 39. Rc8+ Rxc8 40.
Rxc8+ Kf7 41. Rb8 Ra6 42. Rxb4 1/2-1/2

[Event "37. Copenhagen Open (Politiken Cup)"]
[Site "Elsinore"]
[Date "2015.07.29"]
[Round "6"]
[White "Hjornevik, Knut Jarle"]
[Black "Sorensen, John K"]
[Result "1-0"]
[WhiteElo "1958"]
[BlackElo "1792"]
[PlyCount "141"]
[EventDate "2015.07.25"]
[EventType "swiss"]
[EventRounds "10"]
[EventCountry "DEN"]
[Source "ChessBase"]
[SourceDate "2015.09.14"]

1. d4 c6 2. c4 d5 3. Nc3 Nf6 4. e3 a6 5. Nf3 Bf5 6. Be2 e6 7. O-O Bd6 8. b3
Nbd7 9. cxd5 cxd5 10. Bb2 Rc8 11. Rc1 h6 12. Nb1 O-O 13. Rxc8 Qxc8 14. Ba3 Qb8
15. Bxd6 Qxd6 16. Qc1 Bxb1 17. Qxb1 Rc8 18. Rc1 Rc6 19. Ne1 Ne8 20. Rxc6 Qxc6
21. Qc2 Qxc2 22. Nxc2 Nd6 23. f3 Kf8 24. Kf2 Ke7 25. Bd3 Nb8 26. e4 dxe4 27.
fxe4 f6 28. d5 Nd7 29. dxe6 Kxe6 30. Nd4+ Ke5 31. Ke3 Nc5 32. Nf3+ Ke6 33. Bc2
g5 34. b4 Nd7 35. Nd4+ Ke5 36. Bb3 f5 37. Be6 f4+ 38. Kd3 Nf6 39. Bf5 Nxf5 40.
exf5 Nd5 41. a3 Ne3 42. g3 Nxf5 43. gxf4+ gxf4 44. Nf3+ Kd5 45. Ng1 Nd4 46. Nh3
Ke5 47. Nxf4 Nf3 48. Ke3 Nxh2 49. Nd3+ Kd5 50. Nc5 Kc6 51. Kf4 Nf1 52. Ne4 b6
53. a4 Kd5 54. a5 b5 55. Nc5 Nd2 56. Nxa6 Nb3 57. Nb8 Nxa5 58. bxa5 Kc5 59.
Na6+ Kc6 60. Nb4+ Kc5 61. Kg4 Kxb4 62. a6 Kc3 63. a7 b4 64. a8=Q b3 65. Qc6+
Kb2 66. Kf3 Kb1 67. Qe4+ Ka1 68. Qa4+ Kb2 69. Ke2 h5 70. Kd2 h4 71. Qxh4 1-0

[Event "37. Copenhagen Open (Politiken Cup)"]
[Site "Elsinore"]
[Date "2015.07.29"]
[Round "6"]
[White "Hogeman, Joel"]
[Black "Pedersen, Carl Aage"]
[Result "1/2-1/2"]
[WhiteElo "1946"]
[BlackElo "1778"]
[PlyCount "139"]
[EventDate "2015.07.25"]
[EventType "swiss"]
[EventRounds "10"]
[EventCountry "DEN"]
[Source "ChessBase"]
[SourceDate "2015.09.14"]

1. d4 d5 2. c4 c6 3. Nf3 e6 4. Qc2 Nf6 5. Bg5 Be7 6. e3 Nbd7 7. Nc3 h6 8. Bf4
dxc4 9. Bxc4 Nd5 10. Bg3 O-O 11. O-O N7f6 12. e4 Nb6 13. Bb3 Nh5 14. Be5 g5 15.
Rfd1 f6 16. Bg3 Nxg3 17. hxg3 Bb4 18. d5 Qe7 19. Nd4 Bxc3 20. Nf5 Qe8 21. dxe6
Bxe6 22. Qxc3 Bxb3 23. Qxb3+ Kh7 24. Nd6 Qe7 25. a4 Rab8 26. a5 Nd7 27. Nf5 Qf7
28. Qc2 Ne5 29. Rd6 Rbd8 30. Rad1 Rxd6 31. Rxd6 Qc7 32. Qd1 Kg6 33. f4 Nf7 34.
Rd7 Rd8 35. Rxc7 Rxd1+ 36. Kh2 gxf4 37. Rxb7 fxg3+ 38. Kxg3 Ng5 39. Ne7+ Kh5
40. Nxc6 Nxe4+ 41. Kf4 Nd6 42. Rxa7 Rc1 43. Ne7 Rc4+ 44. Kf3 Rb4 45. Ra6 Rb3+
46. Kf4 Rb4+ 47. Ke3 Nc4+ 48. Kd3 Ra4 49. b3 Rxa5 50. Rxa5+ Nxa5 51. b4 Nb7 52.
Ke4 Kg5 53. Kd5 h5 54. Kc6 Nd8+ 55. Kd7 Nf7 56. b5 Ne5+ 57. Kd6 Nc4+ 58. Kc5
Na5 59. Kb4 Nb7 60. b6 f5 61. Nc6 f4 62. Na5 Nd8 63. Kc5 h4 64. Kd4 f3 65. Ke3
fxg2 66. Kf2 h3 67. b7 Nxb7 68. Nxb7 g1=Q+ 69. Kxg1 h2+ 70. Kxh2 1/2-1/2

[Event "37. Copenhagen Open (Politiken Cup)"]
[Site "Elsinore"]
[Date "2015.07.29"]
[Round "6"]
[White "Holm, Henrik"]
[Black "Ski, Jonathan K"]
[Result "1-0"]
[WhiteElo "1766"]
[BlackElo "1549"]
[PlyCount "61"]
[EventDate "2015.07.25"]
[EventType "swiss"]
[EventRounds "10"]
[EventCountry "DEN"]
[Source "ChessBase"]
[SourceDate "2015.09.14"]

1. e4 e5 2. Nf3 Nc6 3. d4 exd4 4. Nxd4 Nf6 5. Nc3 Bc5 6. Be3 Nxd4 7. Bxd4 Bxd4
8. Qxd4 d6 9. Bd3 O-O 10. h3 Be6 11. O-O a6 12. f4 Re8 13. Rad1 Qe7 14. Rde1
Rad8 15. Qf2 Bc8 16. e5 Nd7 17. Nd5 Qf8 18. Nxc7 Re7 19. Qh4 g6 20. Nd5 Re6 21.
f5 Rxe5 22. fxg6 hxg6 23. Bxg6 fxg6 24. Rxf8+ Rxf8 25. Rxe5 Nxe5 26. Qe7 Rf7
27. Qd8+ Rf8 28. Qxd6 Bxh3 29. Qxe5 Bf5 30. c4 Rd8 31. Ne7+ 1-0

[Event "37. Copenhagen Open (Politiken Cup)"]
[Site "Elsinore"]
[Date "2015.07.29"]
[Round "6"]
[White "Ivarsson, Torbjorn"]
[Black "Nielsen, Hogni Egilstoft"]
[Result "0-1"]
[WhiteElo "2100"]
[BlackElo "2338"]
[PlyCount "106"]
[EventDate "2015.07.25"]
[EventType "swiss"]
[EventRounds "10"]
[EventCountry "DEN"]
[Source "ChessBase"]
[SourceDate "2015.09.14"]

1. e4 e5 2. Nf3 Nc6 3. Nc3 Nf6 4. d4 exd4 5. Nxd4 Bb4 6. Nxc6 bxc6 7. Bd3 Qe7
8. O-O O-O 9. Re1 d6 10. Bf4 Nd7 11. h3 Ne5 12. Qd2 a5 13. Be3 Bxh3 14. f4 Nxd3
15. cxd3 Be6 16. a3 Bc5 17. d4 Ba7 18. d5 Bd7 19. dxc6 Bxc6 20. Rac1 Rfe8 21.
Bxa7 Rxa7 22. Nd5 Qd7 23. Qc3 Bxd5 24. exd5 h6 25. Rxe8+ Qxe8 26. Re1 Qb5 27.
Rd1 Rb7 28. Rd2 Qb3 29. Qd4 Qb6 30. Qxb6 Rxb6 31. Kf2 Kf8 32. Ke3 Ke7 33. Kd3
Rb3+ 34. Kc2 Rg3 35. Kb1 Kd7 36. Kc2 Kc8 37. Kd1 Kb7 38. Ke1 Kb6 39. Kf2 Rb3
40. Kg1 Kc5 41. Kh2 f5 42. Kg1 Kc4 43. Kf1 g5 44. fxg5 hxg5 45. Rf2 f4 46. Rd2
Rb5 47. Ke2 Rxd5 48. b3+ Kc5 49. Rc2+ Kb6 50. Rc3 Re5+ 51. Kf3 d5 52. b4 axb4
53. axb4 c6 0-1

[Event "37. Copenhagen Open (Politiken Cup)"]
[Site "Elsinore"]
[Date "2015.07.29"]
[Round "6"]
[White "Jacobsen, Caroline Beer"]
[Black "Rasmussen, Henning1"]
[Result "0-1"]
[WhiteElo "1666"]
[BlackElo "1817"]
[PlyCount "50"]
[EventDate "2015.07.25"]
[EventType "swiss"]
[EventRounds "10"]
[EventCountry "DEN"]
[Source "ChessBase"]
[SourceDate "2015.09.14"]

1. e4 c6 2. d4 d5 3. Nc3 dxe4 4. Nxe4 Bf5 5. Ng3 Bg6 6. Nf3 Nd7 7. Nh4 e6 8.
Nxg6 hxg6 9. Bf4 Ngf6 10. c4 Bb4+ 11. Bd2 Qa5 12. a3 Bxd2+ 13. Qxd2 Qxd2+ 14.
Kxd2 O-O-O 15. a4 c5 16. Be2 cxd4 17. b4 e5 18. Bf3 Rhe8 19. Kd3 Nf8 20. c5 Ne6
21. Ne4 Nxe4 22. Bxe4 f5 23. Bxb7+ Kxb7 24. a5 a6 25. Rhd1 e4+ 0-1

[Event "37. Copenhagen Open (Politiken Cup)"]
[Site "Elsinore"]
[Date "2015.07.29"]
[Round "6"]
[White "Jacobsen, Fredrik Beer"]
[Black "Veng, Johny"]
[Result "0-1"]
[WhiteElo "2071"]
[BlackElo "2294"]
[PlyCount "72"]
[EventDate "2015.07.25"]
[EventType "swiss"]
[EventRounds "10"]
[EventCountry "DEN"]
[Source "ChessBase"]
[SourceDate "2015.09.14"]

1. e4 c5 2. Nc3 a6 3. a4 e6 4. g3 d5 5. exd5 exd5 6. Bg2 Nf6 7. d3 d4 8. Ne4
Nxe4 9. Bxe4 Nd7 10. Ne2 Nf6 11. Bg2 Bd6 12. O-O O-O 13. Bf4 Bg4 14. Bxd6 Qxd6
15. h3 Bd7 16. Qd2 Nd5 17. Qg5 Bc6 18. Bxd5 h6 19. Qh5 Bxd5 20. Nf4 Bc6 21. h4
Rfe8 22. b3 Re5 23. Qd1 Rae8 24. Qd2 g5 25. hxg5 hxg5 26. Ng2 Qd5 27. f3 Re2
28. Qd1 Qf5 29. g4 Rxg2+ 30. Kxg2 Qxg4+ 31. Kh2 Qh4+ 32. Kg2 g4 33. Rf2 gxf3+
34. Kg1 Qg3+ 35. Kf1 Qh3+ 36. Kg1 Re6 0-1

[Event "37. Copenhagen Open (Politiken Cup)"]
[Site "Elsinore"]
[Date "2015.07.29"]
[Round "6"]
[White "Jacobsen, Mikkel Manosri"]
[Black "Hillarp Persson, Tiger"]
[Result "0-1"]
[WhiteElo "2370"]
[BlackElo "2563"]
[PlyCount "72"]
[EventDate "2015.07.25"]
[EventType "swiss"]
[EventRounds "10"]
[EventCountry "DEN"]
[Source "ChessBase"]
[SourceDate "2015.09.14"]

1. d4 g6 2. Nf3 Bg7 3. c4 d6 4. Nc3 Nd7 5. Bg5 h6 6. Bh4 g5 7. Bg3 f5 8. e3 e5
9. dxe5 dxe5 10. h4 g4 11. Nd2 h5 12. f3 Nh6 13. Be2 O-O 14. Bf2 c6 15. Qc2 Qe7
16. Nb3 Re8 17. O-O-O Nf8 18. Rd2 Be6 19. Rhd1 Red8 20. Rxd8 Rxd8 21. Rxd8 Qxd8
22. Nc5 Bc8 23. Qa4 a6 24. Qb3 Qe7 25. Qb6 Nf7 26. e4 f4 27. Qa7 g3 28. Bg1
Qxh4 29. Nxb7 Bxb7 30. Qxb7 Qh1 31. Qa7 c5 32. Qxc5 Ne6 33. Qc8+ Nfd8 34. Nd5
Qxg1+ 35. Kd2 Qd4+ 36. Kc2 Qa7 0-1

[Event "37. Copenhagen Open (Politiken Cup)"]
[Site "Elsinore"]
[Date "2015.07.29"]
[Round "6"]
[White "Jarlnaes, Erik"]
[Black "Skjoldager, Mikael"]
[Result "0-1"]
[WhiteElo "1892"]
[BlackElo "2056"]
[PlyCount "118"]
[EventDate "2015.07.25"]
[EventType "swiss"]
[EventRounds "10"]
[EventCountry "DEN"]
[Source "ChessBase"]
[SourceDate "2015.09.14"]

1. e4 e5 2. Nf3 Nc6 3. Bb5 Nf6 4. d3 Bc5 5. O-O Nd4 6. Nxd4 Bxd4 7. c3 Bb6 8.
Qe2 c6 9. Bc4 O-O 10. Bg5 d6 11. Qf3 h6 12. Bxf6 Qxf6 13. Nd2 Qg5 14. Nb3 Bg4
15. Qg3 Rad8 16. h3 Bh5 17. Qxg5 hxg5 18. Rae1 Rfe8 19. d4 Bg6 20. d5 Kh7 21.
g4 Bc7 22. a4 a5 23. Nd2 Rb8 24. f3 Red8 25. Bb3 f6 26. Rb1 Be8 27. c4 g6 28.
Kh2 Kg7 29. Rh1 Bd7 30. Bc2 Rh8 31. b3 Bb6 32. Kg3 Bc5 33. Kg2 Bb4 34. Nf1 Rbc8
35. Ne3 Bd2 36. Kf2 Bxe3+ 37. Kxe3 cxd5 38. exd5 Rh7 39. Kf2 f5 40. Bd3 Kf6 41.
Kg2 Rch8 42. Rbe1 e4 43. Be2 exf3+ 44. Bxf3 fxg4 45. Bd1 gxh3+ 46. Kg3 h2 47.
Bg4 Bxg4 48. Kxg4 Rh4+ 49. Kg3 Rh3+ 50. Kg2 g4 51. Re6+ Kg5 52. Rxd6 Rxb3 53.
Re1 h1=Q+ 54. Rxh1 Rb2+ 55. Kg1 Rb1+ 56. Kg2 Rhxh1 57. c5 Rhc1 58. c6 Rc2+ 59.
Kg3 Rb3# 0-1

[Event "37. Copenhagen Open (Politiken Cup)"]
[Site "Elsinore"]
[Date "2015.07.29"]
[Round "6"]
[White "Jensen, Hans Askov"]
[Black "Jorgensen, Orla Eilegaard"]
[Result "0-1"]
[WhiteElo "1473"]
[BlackElo "1656"]
[PlyCount "80"]
[EventDate "2015.07.25"]
[EventType "swiss"]
[EventRounds "10"]
[EventCountry "DEN"]
[Source "ChessBase"]
[SourceDate "2015.09.14"]

1. e4 b6 2. d4 Bb7 3. Nc3 e6 4. Bd3 f5 5. Nf3 fxe4 6. Nxe4 Nf6 7. Bg5 Be7 8.
Nxf6+ Bxf6 9. Bxf6 Qxf6 10. O-O Nc6 11. c3 h5 12. Re1 O-O-O 13. Ne5 Nxe5 14.
Rxe5 Rdf8 15. Qe2 Kb8 16. a4 h4 17. h3 g5 18. a5 g4 19. axb6 cxb6 20. Re3 gxh3
21. Rxh3 Rhg8 22. Qe5+ Qxe5 23. dxe5 Bxg2 24. Re3 h3 25. Rg3 Rxg3 26. fxg3 Rf3
27. Be4 Rxg3 28. Kh2 Re3 29. Bxg2 hxg2 30. Kxg2 Rxe5 31. Kf3 a5 32. Kf4 Re2 33.
Rb1 Kc7 34. Kg5 Rf2 35. Kg4 Kc6 36. Kg3 Rc2 37. Kf3 Kc5 38. Ke4 Kc4 39. Ke5 Kb3
40. Kd6 Ka2 0-1

[Event "37. Copenhagen Open (Politiken Cup)"]
[Site "Elsinore"]
[Date "2015.07.29"]
[Round "6"]
[White "Jensen, Ib"]
[Black "Opasiak, Dustin Tennessee"]
[Result "1-0"]
[WhiteElo "1948"]
[BlackElo "1791"]
[PlyCount "53"]
[EventDate "2015.07.25"]
[EventType "swiss"]
[EventRounds "10"]
[EventCountry "DEN"]
[Source "ChessBase"]
[SourceDate "2015.09.14"]

1. d4 c5 2. e3 e6 3. Nf3 Nf6 4. Bd3 d5 5. b3 Nc6 6. Bb2 Be7 7. O-O O-O 8. Nbd2
Bd7 9. Ne5 cxd4 10. exd4 Rc8 11. a3 Qb6 12. Ndf3 Na5 13. Qe2 a6 14. Rab1 Rc7
15. b4 Nc4 16. Nxc4 dxc4 17. Bxc4 Rxc4 18. Qxc4 Bb5 19. Qb3 Bxf1 20. Rxf1 Rc8
21. c4 Qc7 22. Rc1 Nd5 23. g3 Nb6 24. d5 Nxc4 25. Be5 Bd6 26. Bxd6 Qxd6 27.
Rxc4 1-0

[Event "37. Copenhagen Open (Politiken Cup)"]
[Site "Elsinore"]
[Date "2015.07.29"]
[Round "6"]
[White "Jensen, Morten Frank"]
[Black "Larsen, Ole Bogh"]
[Result "1/2-1/2"]
[WhiteElo "2028"]
[BlackElo "2203"]
[PlyCount "81"]
[EventDate "2015.07.25"]
[EventType "swiss"]
[EventRounds "10"]
[EventCountry "DEN"]
[Source "ChessBase"]
[SourceDate "2015.09.14"]

1. e4 e5 2. Bb5 Nc6 3. Nc3 Nf6 4. d3 a6 5. Ba4 d6 6. h3 b5 7. Bb3 Nd4 8. Nf3
Nxb3 9. axb3 Bb7 10. Bg5 Be7 11. O-O O-O 12. Qd2 Nh5 13. Bxe7 Qxe7 14. Qg5 Qxg5
15. Nxg5 h6 16. Nf3 f5 17. Nd2 Nf4 18. Rae1 Ne6 19. Ne2 Rf7 20. f3 g6 21. g3
Raf8 22. b4 c5 23. bxc5 Nxc5 24. b4 Ne6 25. c3 Rc8 26. Rc1 Rfc7 27. Nb3 d5 28.
exf5 gxf5 29. d4 exd4 30. cxd4 Rc4 31. Na5 Nxd4 32. Nxd4 Rxc1 33. Nxb7 Rxf1+
34. Kxf1 Rc4 35. Nxf5 Rxb4 36. Nxh6+ Kh7 37. Nf5 Rc4 38. Ke2 b4 39. Ne3 Rc7 40.
Na5 Rc5 41. Nb3 1/2-1/2

[Event "37. Copenhagen Open (Politiken Cup)"]
[Site "Elsinore"]
[Date "2015.07.29"]
[Round "6"]
[White "Jensen, Tobias Ilsoe"]
[Black "Stojanovski, Sandi"]
[Result "0-1"]
[WhiteElo "2014"]
[BlackElo "2192"]
[PlyCount "60"]
[EventDate "2015.07.25"]
[EventType "swiss"]
[EventRounds "10"]
[EventCountry "DEN"]
[Source "ChessBase"]
[SourceDate "2015.09.14"]

1. d4 Nf6 2. c4 e6 3. Nf3 d5 4. Nc3 Bb4 5. cxd5 exd5 6. Bg5 c6 7. Qc2 h6 8. Bh4
g5 9. Bg3 Ne4 10. Nd2 Nxg3 11. hxg3 Be6 12. e3 Nd7 13. Bd3 Qe7 14. a3 Ba5 15.
b4 Bc7 16. Nb3 a5 17. b5 a4 18. bxc6 bxc6 19. Nd2 Nb6 20. Ne2 Bd7 21. e4 Kf8
22. exd5 Nxd5 23. Be4 Ba5 24. Rd1 Re8 25. O-O Kg7 26. Bd3 h5 27. Ne4 h4 28. Qc1
hxg3 29. Nxg5 Rh5 30. Ne4 Rh1+ 0-1

[Event "37. Copenhagen Open (Politiken Cup)"]
[Site "Elsinore"]
[Date "2015.07.29"]
[Round "6"]
[White "Jepson, Christian"]
[Black "Ramsdal, Jens Albert"]
[Result "1/2-1/2"]
[WhiteElo "2428"]
[BlackElo "2169"]
[PlyCount "60"]
[EventDate "2015.07.25"]
[EventType "swiss"]
[EventRounds "10"]
[EventCountry "DEN"]
[Source "ChessBase"]
[SourceDate "2015.09.14"]

1. d4 Nf6 2. c4 c5 3. d5 b5 4. cxb5 a6 5. e3 axb5 6. Bxb5 Ba6 7. Bxa6 Nxa6 8.
Nc3 g6 9. e4 d6 10. Nge2 Bg7 11. O-O O-O 12. Rb1 Qa5 13. b3 Rfb8 14. Bg5 Rb7
15. Qd2 Rab8 16. h3 c4 17. bxc4 Rxb1 18. Rxb1 Rxb1+ 19. Nxb1 Qb6 20. Nbc3 Nxe4
21. Nxe4 Qb1+ 22. Qc1 Qxe4 23. Ng3 Qe5 24. Bf4 Qd4 25. Be3 Qd3 26. Nf1 Nb4 27.
c5 Nxa2 28. Qd2 Qxd2 29. Nxd2 dxc5 30. Bxc5 Nc3 1/2-1/2

[Event "37. Copenhagen Open (Politiken Cup)"]
[Site "Elsinore"]
[Date "2015.07.29"]
[Round "6"]
[White "Jernselius, Kjell"]
[Black "Jensen, Michael Agermose"]
[Result "1-0"]
[WhiteElo "1768"]
[BlackElo "1984"]
[PlyCount "69"]
[EventDate "2015.07.25"]
[EventType "swiss"]
[EventRounds "10"]
[EventCountry "DEN"]
[Source "ChessBase"]
[SourceDate "2015.09.14"]

1. d4 g6 2. Nf3 Bg7 3. c4 f5 4. g3 Nf6 5. Nc3 d6 6. Bg2 O-O 7. O-O Nc6 8. d5
Ne5 9. Nxe5 dxe5 10. Bg5 Nh5 11. Bd2 h6 12. Bf3 Nf6 13. e4 f4 14. gxf4 exf4 15.
Ne2 g5 16. e5 Ng4 17. e6 Ne5 18. Bh5 c6 19. Bc3 cxd5 20. cxd5 a5 21. Bxe5 Bxe5
22. Qd3 Bg7 23. Rad1 b5 24. Rd2 b4 25. Rfd1 Ba6 26. Qe4 Bxe2 27. Rxe2 Ra6 28.
h3 Rd6 29. Red2 Qb6 30. b3 Rc8 31. Be2 Rc3 32. Bd3 Qd8 33. Qh7+ Kf8 34. Bg6
Rxh3 35. Bf7 1-0

[Event "37. Copenhagen Open (Politiken Cup)"]
[Site "Elsinore"]
[Date "2015.07.29"]
[Round "6"]
[White "Johannesen, Lars Peter Meldgaar"]
[Black "Maselli, David"]
[Result "1-0"]
[WhiteElo "1718"]
[BlackElo "1387"]
[PlyCount "139"]
[EventDate "2015.07.25"]
[EventType "swiss"]
[EventRounds "10"]
[EventCountry "DEN"]
[Source "ChessBase"]
[SourceDate "2015.09.14"]

1. e4 g6 2. d4 Bg7 3. f4 Nf6 4. e5 Nd5 5. c4 Nb6 6. Nc3 d6 7. c5 N6d7 8. cxd6
cxd6 9. Nf3 O-O 10. Be2 dxe5 11. dxe5 Nc6 12. Be3 Re8 13. O-O f6 14. Qb3+ Kh8
15. Rad1 fxe5 16. Ng5 Rf8 17. Ne6 Qa5 18. Nxf8 Nxf8 19. fxe5 Qxe5 20. Bf4 Qc5+
21. Kh1 Be6 22. Qb5 Qxb5 23. Nxb5 Bxa2 24. Bf3 Bc4 25. Bxc6 bxc6 26. Nc7 Rc8
27. Rfe1 e5 28. Rxe5 Bb3 29. Rd3 Bf7 30. Re7 Kg8 31. Rd6 c5 32. Nd5 Bxd5 33.
Rxd5 Bxb2 34. Rxa7 c4 35. Rc7 Ra8 36. g3 Ne6 37. Rxc4 Nxf4 38. Rxf4 Ra1+ 39.
Kg2 Ra2 40. Kh3 Bc1 41. Rc4 Bh6 42. Rd8+ Bf8 43. Rf4 h5 44. Rfxf8+ Kg7 45. Rg8+
Kh6 46. Rd6 Kh7 47. Rgxg6 Ra5 48. Ra6 Re5 49. Rge6 Rg5 50. Re7+ Rg7 51. Rxg7+
Kxg7 52. Kh4 Kh7 53. Kxh5 Kg7 54. Kg5 Kf7 55. Rb6 Ke7 56. Kf5 Kd7 57. Ke5 Kc7
58. Rh6 Kd7 59. Rg6 Kc7 60. Kd5 Kb7 61. Kc5 Ka7 62. Kb5 Kb7 63. Rg7+ Kc8 64.
Kc6 Kd8 65. Ra7 Ke8 66. Kd6 Kf8 67. Ke6 Kg8 68. Kf6 Kh8 69. Kg6 Kg8 70. Ra8#
1-0

[Event "37. Copenhagen Open (Politiken Cup)"]
[Site "Elsinore"]
[Date "2015.07.29"]
[Round "6"]
[White "Johansson, Linus"]
[Black "Maze, Sebastien"]
[Result "0-1"]
[WhiteElo "2379"]
[BlackElo "2575"]
[PlyCount "58"]
[EventDate "2015.07.25"]
[EventType "swiss"]
[EventRounds "10"]
[EventCountry "DEN"]
[Source "ChessBase"]
[SourceDate "2015.09.14"]

1. d4 Nf6 2. c4 g6 3. Nf3 Bg7 4. g3 O-O 5. Bg2 d6 6. O-O Nbd7 7. Nc3 e5 8. h3
Re8 9. b3 a6 10. Bb2 Rb8 11. Rc1 e4 12. Ng5 e3 13. f4 b5 14. cxb5 axb5 15. Nd5
h6 16. Nb4 Bb7 17. Nf3 Ne4 18. Kh2 c5 19. Nd3 c4 20. bxc4 bxc4 21. Rxc4 Ba6 22.
Rc2 Ndf6 23. Nfe1 Qa5 24. Qa1 Nd2 25. d5 Nxf1+ 26. Bxf1 Nh5 27. g4 Bxb2 28.
Rxb2 Rxb2 29. Qxb2 Nxf4 0-1